Khảo sát đặc tính sinh học và đánh giá khả năng ký sinh của các chủng nấm Nomuraea Rileyi (Farlow) Samso trên côn trùng thuộc bộ Lepidoptera trong điều kiện In-Vitro : Luận văn tốt nghiệp cao học. Ngành Bảo vệ Thực vật

Thu thập và định danh loài Nomuraea rileyi từ chi Nomuraea theo phương pháp truyền thống và đánh giá khả năng ký sinh gây bệnh của các chủng nấm này trên hai loài sâu ăn tạp và sâu xanh da láng trong điều kiện in-vitro....

Celý popis

Uloženo v:
Podrobná bibliografie
Hlavní autor: Lương, Thị Hoàng Dung
Médium: Kniha
Jazyk:Undetermined
Vydáno: Cần Thơ Trường Đại học Cần Thơ 2013
Témata:
Tagy: Přidat tag
Žádné tagy, Buďte první, kdo otaguje tento záznam!
Thư viện lưu trữ: Trung tâm Học liệu Trường Đại học Cần Thơ
LEADER 01310nam a2200217Ia 4500
001 CTU_185252
008 210402s9999 xx 000 0 und d
082 |a 632.9 
082 |b D513 
088 |a 60620112 
100 |a Lương, Thị Hoàng Dung 
245 0 |a Khảo sát đặc tính sinh học và đánh giá khả năng ký sinh của các chủng nấm Nomuraea Rileyi (Farlow) Samso trên côn trùng thuộc bộ Lepidoptera trong điều kiện In-Vitro : 
245 0 |b Luận văn tốt nghiệp cao học. Ngành Bảo vệ Thực vật 
245 0 |c Lương Thị Hoàng Dung ; Trần Văn Hai (người hướng dẫn khoa học) 
260 |a Cần Thơ 
260 |b Trường Đại học Cần Thơ 
260 |c 2013 
520 |a Thu thập và định danh loài Nomuraea rileyi từ chi Nomuraea theo phương pháp truyền thống và đánh giá khả năng ký sinh gây bệnh của các chủng nấm này trên hai loài sâu ăn tạp và sâu xanh da láng trong điều kiện in-vitro. 
650 |a Armyworm (Spodoptera Litura Fabricius),Nấm bột xanh (Spodoptera Litura Fabricius) 
910 |a Trúc 
980 |a Trung tâm Học liệu Trường Đại học Cần Thơ